000 00301nam a22001337a 4500
008 170629b xxu||||| |||| 00| 0 eng d
020 _a0155076833
041 _aeng
080 _24TH
_a94
100 _a16
101 _aSHH
245 _aCLASSICS OF WESTERN THOUGHT
_cTHOMPSON,K.F
942 _2udc
_cBK
999 _c19588
_d19588